[Event "Titled Tue 24th Jun Early"]
[Site "chess.com INT"]
[Date "2025.06.24"]
[Round "8"]
[White "Newansa, M Esandi"]
[Black "Reprintsev, Alexander"]
[Result "0-1"]
[WhiteTitle "WCM"]
[BlackTitle "IM"]
[WhiteElo "1945"]
[BlackElo "2256"]
[WhiteFideId "9999060"]
[BlackFideId "14100541"]
[EventDate "2025.06.24"]

1. d4 d5 2. Bf4 Nf6 3. e3 c5 4. c3 Qb6 5. Qb3 c4 6. Qc2 g6 7. Nd2 Bf5 8. Qc1 Nc6
9. Ngf3 Nh5 10. Bg5 h6 11. Bh4 g5 12. Bg3 Nxg3 13. hxg3 Bg7 14. b3 cxb3 15. axb3
e5 16. Qa3 e4 17. Nh2 Bf8 18. Qa4 Bd7 19. Bb5 a6 20. Be2 h5 21. Qa2 Bg7 22. b4
Nd8 23. Qxd5 Bc6 24. Qxg5 Ne6 25. Qf5 O-O-O 26. Nc4 Qc7 27. Na5 Rd5 28. Qh3 Bd7
29. Kd2 Nxd4 30. exd4 Bxh3 31. gxh3 Bxd4 32. cxd4 Rxd4+ 33. Ke3 Qc3+ 34. Kf4
Qd2+ 35. Ke5 Re8+ 36. Kf6 Qh6+ 37. Kxf7 Rd7+ 38. Kxe8 Qh8# 0-1

[Event "Titled Tue 24th Jun Early"]
[Site "chess.com INT"]
[Date "2025.06.24"]
[Round "8"]
[White "Marin Posada, Sebastian"]
[Black "Klepek, Witold"]
[Result "0-1"]
[WhiteTitle "FM"]
[BlackTitle "CM"]
[WhiteElo "2246"]
[BlackElo "2253"]
[WhiteFideId "4402782"]
[BlackFideId "1175068"]
[EventDate "2025.06.24"]

1. d4 Nf6 2. c4 e5 3. dxe5 Ng4 4. Nf3 Nc6 5. g3 Bb4+ 6. Bd2 Qe7 7. Bg2 Ngxe5 8.
Nxe5 Nxe5 9. Qc2 Bxd2+ 10. Nxd2 d6 11. O-O O-O 12. b3 a5 13. Ne4 Bf5 14. Qc3 a4
15. Qd4 Nc6 16. Qd5 Bg6 17. Nc3 axb3 18. axb3 Bc2 19. b4 Qf6 20. Rxa8 Rxa8 21.
Nb5 Qe7 22. Nd4 Nxd4 23. Qxd4 Qxe2 24. Bxb7 Bd3 25. Rc1 Re8 26. h3 h5 27. Bc6
Re7 28. c5 Qd2 29. Qc3 Re1+ 0-1

[Event "Titled Tue 24th Jun Early"]
[Site "chess.com INT"]
[Date "2025.06.24"]
[Round "8"]
[White "Ivannikov, Maksim"]
[Black "Ganichev, Alexander"]
[Result "1-0"]
[WhiteTitle "CM"]
[BlackTitle "FM"]
[WhiteElo "2184"]
[BlackElo "2241"]
[WhiteFideId "34275339"]
[BlackFideId "24143944"]
[EventDate "2025.06.24"]

1. e4 c5 2. Nf3 e6 3. d4 cxd4 4. Nxd4 Nf6 5. Nc3 Nc6 6. Nxc6 bxc6 7. e5 Nd5 8.
Ne4 Qc7 9. f4 Rb8 10. c4 Bb4+ 11. Ke2 O-O 12. cxd5 cxd5 13. Ng5 f6 14. exf6 Rxf6
15. Qd3 Rf5 16. Kd1 Rb6 17. g4 Rxg5 18. fxg5 Ba6 19. Qf3 Bb7 20. Bd3 d4 21. Be4
d3 22. Bxh7+ Kxh7 23. g6+ Kxg6 24. Qxd3+ Kf7 25. Rf1+ Ke8 26. Qg6+ Kd8 27. Bg5+
Kc8 28. Qe8+ 1-0

[Event "Titled Tue 24th Jun Early"]
[Site "chess.com INT"]
[Date "2025.06.24"]
[Round "8"]
[White "Gubajdullin, Alexei"]
[Black "Murawski, Jan"]
[Result "1-0"]
[WhiteTitle "FM"]
[BlackTitle "CM"]
[WhiteElo "2233"]
[BlackElo "2164"]
[WhiteFideId "4141202"]
[BlackFideId "21009287"]
[EventDate "2025.06.24"]

1. Nf3 d5 2. g3 Nf6 3. Bg2 e6 4. O-O Be7 5. d3 O-O 6. Nbd2 c5 7. e4 Nc6 8. e5
Nd7 9. Re1 b5 10. h4 Bb7 11. h5 h6 12. Nf1 Qc7 13. Bf4 Rfc8 14. Ne3 Qd8 15. Ng4
Bf8 16. Qd2 a5 17. Nxh6+ gxh6 18. Bxh6 Bxh6 19. Qxh6 Qf8 20. Qf4 Qg7 21. g4 Kh8
22. g5 Rg8 23. c3 b4 24. d4 a4 25. a3 Na5 26. Rad1 Nc4 27. cxb4 cxb4 28. Rc1
Nxb2 29. Rc7 Nd3 30. Qd2 Nxe1 31. Qxe1 Bc8 32. Qxb4 Qf8 33. Qd2 Qxa3 34. g6 Qf8
35. Ng5 Qg7 36. Nxf7+ 1-0

[Event "Titled Tue 24th Jun Early"]
[Site "chess.com INT"]
[Date "2025.06.24"]
[Round "8"]
[White "Dudzinski, Piotr"]
[Black "Storn, Justin"]
[Result "1-0"]
[WhiteTitle "FM"]
[WhiteElo "2335"]
[BlackElo "2073"]
[WhiteFideId "1119362"]
[BlackFideId "30922720"]
[EventDate "2025.06.24"]

1. e4 g6 2. Nf3 Bg7 3. Bc4 c5 4. O-O e6 5. d3 Ne7 6. Nc3 O-O 7. Re1 Nbc6 8. a4
d5 9. exd5 exd5 10. Ba2 Bg4 11. h3 Bf5 12. Bg5 Qd7 13. Qd2 Rfe8 14. a5 Nxa5 15.
Bxe7 Rxe7 16. Rxe7 Qxe7 17. Nxd5 Qd8 18. Re1 Nc6 19. Qf4 Be6 20. Rxe6 fxe6 21.
Nc7 Kh8 22. Nxa8 Qxa8 23. Bxe6 Qb8 24. Qf7 Bxb2 25. Ng5 Bg7 26. Qd7 Ne5 27. Qd5
Bf6 28. Ne4 Bg7 29. Qxc5 b6 30. Qd5 a5 31. Nd6 h6 32. f4 1-0

[Event "Titled Tue 24th Jun Early"]
[Site "chess.com INT"]
[Date "2025.06.24"]
[Round "8"]
[White "Causo, Deniel"]
[Black "Silva, Pedro Gil Ferreira Da"]
[Result "0-1"]
[WhiteTitle "FM"]
[BlackTitle "FM"]
[WhiteElo "2224"]
[BlackElo "2269"]
[WhiteFideId "5203660"]
[BlackFideId "1946102"]
[EventDate "2025.06.24"]

1. e3 Nf6 2. d3 g6 3. c3 Bg7 4. b3 O-O 5. a3 e5 6. Nf3 d5 7. Nbd2 Re8 8. Qc2 Nc6
9. Bb2 e4 10. Nd4 exd3 11. Bxd3 Ne5 12. Be2 c5 13. N4f3 Bf5 14. Qd1 Nd3+ 15.
Bxd3 Bxd3 16. Nf1 c4 17. N1d2 Ne4 18. Nxe4 dxe4 19. Nd4 Qb6 20. b4 a5 21. Kd2
axb4 22. cxb4 Rec8 23. Bc3 f5 24. h4 Rf8 25. g3 f4 26. gxf4 Rxf4 27. Qg1 Raf8
28. Rh2 R4f6 29. h5 gxh5 30. Nf5 Rg6 31. Ne7+ Kf7 32. Qc1 Kxe7 33. Bxg7 Rxg7 34.
Rxh5 Rxf2+ 35. Ke1 Re2+ 0-1

[Event "Titled Tue 24th Jun Early"]
[Site "chess.com INT"]
[Date "2025.06.24"]
[Round "8"]
[White "Teterev, Vitaly"]
[Black "Matinian, Nikita"]
[Result "0-1"]
[WhiteTitle "GM"]
[BlackTitle "GM"]
[WhiteElo "2248"]
[BlackElo "2421"]
[WhiteFideId "13501429"]
[BlackFideId "24129100"]
[EventDate "2025.06.24"]

1. e4 c5 2. Nf3 d6 3. Bc4 Nc6 4. O-O g6 5. c3 Bg7 6. d4 Nf6 7. dxc5 dxc5 8. Qe2
Bg4 9. h3 Bxf3 10. Qxf3 O-O 11. Qe2 e6 12. Bf4 Nd7 13. Rd1 Qb6 14. Na3 Rad8 15.
Bd6 Nd4 16. cxd4 Qxd6 17. Nb5 Qb6 18. d5 a6 19. Nc3 Bd4 20. Rac1 Ne5 21. b3 Kg7
22. Kh1 Qa5 23. Nb1 b5 24. Bd3 exd5 25. exd5 Rfe8 0-1

[Event "Titled Tue 24th Jun Early"]
[Site "chess.com INT"]
[Date "2025.06.24"]
[Round "8"]
[White "Zaksaite, Salomeja"]
[Black "Al-Tarboush, Ward"]
[Result "0-1"]
[WhiteTitle "WGM"]
[BlackTitle "FM"]
[WhiteElo "2133"]
[BlackElo "2223"]
[WhiteFideId "12801496"]
[BlackFideId "7601450"]
[EventDate "2025.06.24"]

1. e4 e6 2. d4 d5 3. exd5 exd5 4. Bd3 Nf6 5. Nc3 Nc6 6. Nge2 Nb4 7. Bg5 Be7 8.
a3 Nxd3+ 9. Qxd3 c6 10. O-O Bg4 11. Ng3 Qd7 12. Rfe1 O-O-O 13. b4 h6 14. Bf4 Bd6
15. Be5 h5 16. b5 h4 17. bxc6 Qxc6 18. Nb5 Bb8 19. Nf5 Bxf5 20. Qxf5+ Qd7 21.
Qd3 Bxe5 22. dxe5 Ne4 23. Nxa7+ Kb8 24. Nb5 h3 25. g3 Nc5 26. Qe2 d4 27. Rad1
Qd5 28. f3 d3 29. cxd3 Nxd3 30. Nd6 Qc5+ 31. Kf1 Nxe1 32. Rxe1 Rd7 33. Rb1 Rhd8
34. Qe4 Qa7 35. a4 Qa6+ 36. Kg1 f6 37. Nb5 Rd1+ 38. Rxd1 Rxd1+ 39. Kf2 Rd2+ 40.
Ke1 Qa5 41. exf6 Rd4+ 42. Ke2 Rxe4+ 43. fxe4 gxf6 0-1

[Event "Titled Tue 24th Jun Early"]
[Site "chess.com INT"]
[Date "2025.06.24"]
[Round "8"]
[White "Parfenov, Viktor N."]
[Black "Zepeda Berlanga, Jan Enrique"]
[Result "1-0"]
[WhiteTitle "CM"]
[BlackTitle "CM"]
[WhiteElo "2193"]
[BlackElo "1984"]
[WhiteFideId "4165969"]
[BlackFideId "5132355"]
[EventDate "2025.06.24"]

1. e4 e5 2. Nc3 Nc6 3. Bc4 Nf6 4. d3 Bc5 5. Nf3 h6 6. Nd5 d6 7. c3 a5 8. Be3
Nxd5 9. exd5 Bxe3 10. fxe3 Ne7 11. O-O O-O 12. e4 f5 13. Nxe5 dxe5 14. d6+ Kh8
15. dxe7 Qxe7 16. exf5 Bxf5 17. Qe2 Rae8 18. Rae1 Qg5 19. Qe3 Qg6 20. Qg3 Qxg3
21. hxg3 g5 22. Re3 Kg7 23. Rfe1 Kf6 24. d4 e4 25. Bd5 Re7 26. Bxb7 Rb8 27. Bxe4
Rxb2 28. Bxf5 Rxe3 29. Rxe3 Kxf5 30. Re7 Kg4 31. Kh2 h5 32. Rxc7 Rxa2 33. d5 Kf5
34. c4 a4 35. d6 Ke6 36. c5 a3 37. Re7+ Kf6 38. Ra7 Ke6 39. d7 1-0

[Event "Titled Tue 24th Jun Early"]
[Site "chess.com INT"]
[Date "2025.06.24"]
[Round "8"]
[White "Askarov, Bakhtiyar"]
[Black "Seiger, Vidar"]
[Result "1-0"]
[WhiteTitle "IM"]
[BlackTitle "CM"]
[WhiteElo "2297"]
[BlackElo "2224"]
[WhiteFideId "13701100"]
[BlackFideId "1756079"]
[EventDate "2025.06.24"]

1. d4 Nf6 2. Bg5 c5 3. d5 d6 4. Bxf6 gxf6 5. Nd2 f5 6. c3 Nd7 7. e3 Bg7 8. Ne2
Nf6 9. Nf4 e5 10. dxe6 fxe6 11. Bb5+ Ke7 12. O-O e5 13. Nh5 Nxh5 14. Qxh5 Be6
15. Rad1 a6 16. Bc4 Qe8 17. Qf3 e4 18. Nxe4 fxe4 19. Qxe4 Qg6 20. Qxb7+ Bd7 21.
Rd2 Rhb8 22. Qd5 Bb5 23. Rfd1 Bxc4 24. Qxc4 Rb6 25. f4 Rd8 26. e4 Bh6 27. e5 Qf5
28. g3 Qg4 29. Qe4 Qg6 30. exd6+ 1-0

[Event "Titled Tue 24th Jun Early"]
[Site "chess.com INT"]
[Date "2025.06.24"]
[Round "8"]
[White "Lugo, Blas"]
[Black "Gunawardhana, Devindya Oshini"]
[Result "1-0"]
[WhiteTitle "IM"]
[BlackTitle "WIM"]
[WhiteElo "2399"]
[BlackElo "2121"]
[WhiteFideId "2011263"]
[BlackFideId "29941482"]
[EventDate "2025.06.24"]

1. e4 e5 2. Nf3 Nc6 3. Nc3 Nf6 4. Bb5 a6 5. Bxc6 dxc6 6. Nxe5 Nxe4 7. Nxe4 Qd4
8. O-O Qxe5 9. d4 Qe7 10. Bg5 f6 11. Re1 Be6 12. Nc5 O-O-O 13. Nxe6 Re8 14. Nxf8
Qxf8 15. Bf4 g5 16. Bg3 h5 17. h3 Qf7 18. Qd3 f5 19. Be5 Rhg8 20. b3 g4 21. h4
f4 22. Re4 g3 23. Rxf4 gxf2+ 24. Rxf2 Qd5 25. c4 Qd7 26. Qf5 Re6 27. Raf1 Kb8
28. Qf7 Qc8 29. Qxg8 Qxg8 30. Rf8+ Re8 31. Rxg8 1-0

[Event "Titled Tue 24th Jun Early"]
[Site "chess.com INT"]
[Date "2025.06.24"]
[Round "8"]
[White "Williams, Simon K"]
[Black "Kravtsiv, Martyn"]
[Result "0-1"]
[WhiteTitle "GM"]
[BlackTitle "GM"]
[WhiteElo "2444"]
[BlackElo "2598"]
[WhiteFideId "404454"]
[BlackFideId "14113147"]
[EventDate "2025.06.24"]

1. c4 e6 2. Nc3 d5 3. d4 Nf6 4. Nf3 Be7 5. Bf4 O-O 6. e3 Nbd7 7. Qc2 c5 8. O-O-O
Qa5 9. Ng5 h6 10. h4 cxd4 11. exd4 Bb4 12. Be5 Bxc3 13. bxc3 dxc4 14. f4 b5 15.
g4 Bb7 16. Rh3 b4 17. Bd6 b3 18. axb3 cxb3 19. Qxb3 Bd5 20. Qb2 Rfb8 21. Bb4 Qc7
22. f5 a5 23. fxe6 fxe6 24. Nf3 axb4 25. c4 Bxc4 26. Bxc4 Qxc4+ 27. Kb1 b3 0-1

[Event "Titled Tue 24th Jun Early"]
[Site "chess.com INT"]
[Date "2025.06.24"]
[Round "8"]
[White "Mishra, Manoj"]
[Black "Ughuzov, Ravan"]
[Result "0-1"]
[WhiteTitle "CM"]
[BlackTitle "FM"]
[WhiteElo "1941"]
[BlackElo "2295"]
[WhiteFideId "5006007"]
[BlackFideId "13419315"]
[EventDate "2025.06.24"]

1. d4 Nf6 2. Bf4 d5 3. e3 c5 4. Nf3 Nc6 5. Nbd2 e6 6. c3 Bd6 7. Bg3 O-O 8. Bd3
Re8 9. Ne5 Ne7 10. f4 b6 11. Bh4 Nf5 12. Bxf6 Qxf6 13. Qf3 Bb7 14. O-O-O Rac8
15. Kb1 Nh4 16. Qh3 Ng6 17. Ndf3 cxd4 18. exd4 Qxf4 19. Rhf1 Qh6 20. Qg4 Bxe5
21. Nxe5 Nxe5 22. dxe5 Rc7 23. Rf3 g6 24. Rdf1 Qg7 25. Rf6 Rd8 26. h4 d4 27.
cxd4 Rcd7 28. R1f5 exf5 29. Qg5 h6 30. Qf4 Rxd4 0-1

[Event "Titled Tue 24th Jun Early"]
[Site "chess.com INT"]
[Date "2025.06.24"]
[Round "8"]
[White "Ribeiro, Gustavo"]
[Black "Bjerre, Jonas Buhl"]
[Result "0-1"]
[WhiteTitle "FM"]
[BlackTitle "GM"]
[WhiteElo "2314"]
[BlackElo "2651"]
[WhiteFideId "1941852"]
[BlackFideId "1444948"]
[EventDate "2025.06.24"]

1. e4 c5 2. Nf3 g6 3. c3 d5 4. exd5 Qxd5 5. d4 Bg7 6. Be3 cxd4 7. cxd4 Nf6 8.
Nc3 Qa5 9. Bc4 O-O 10. O-O Bg4 11. h3 Bxf3 12. Qxf3 Nc6 13. Rfd1 e6 14. Bb3 Rad8
15. d5 Ne5 16. Qg3 Nxd5 17. Nxd5 exd5 18. Bd4 Nc6 19. Bxg7 Kxg7 20. Qf3 d4 21.
Rac1 Rd6 22. Qf4 Rf6 23. Qg3 Rd8 24. Re1 d3 25. Rcd1 d2 26. Re2 Nd4 27. Re3 Qc5
28. Kh2 Nxb3 29. Rxb3 Rxf2 30. Rxb7 Re8 31. b4 Qd4 32. Rd7 Rxg2+ 33. Qxg2 Qxd7
34. Qxd2 Qc7+ 35. Qd6 Re2+ 36. Kg3 Qxd6+ 37. Rxd6 Rxa2 38. Rd7 Ra3+ 39. Kg2 g5
40. Rb7 Kg6 41. Rb8 h5 42. Rg8+ Kf5 43. Rh8 h4 44. Rb8 Kf4 45. Rf8 f5 46. Rf7
Ra2+ 0-1

[Event "Titled Tue 24th Jun Early"]
[Site "chess.com INT"]
[Date "2025.06.24"]
[Round "8"]
[White "Arakelyan, Manvel"]
[Black "Smieszek, Wojciech"]
[Result "1-0"]
[WhiteTitle "FM"]
[BlackTitle "CM"]
[WhiteElo "2326"]
[BlackElo "2141"]
[WhiteFideId "13317415"]
[BlackFideId "1156047"]
[EventDate "2025.06.24"]

1. e4 c5 2. Nf3 g6 3. d4 cxd4 4. Qxd4 Nf6 5. Nc3 Nc6 6. Qa4 d6 7. e5 dxe5 8.
Nxe5 Bd7 9. Nxd7 Nxd7 10. Be2 Bg7 11. O-O O-O 12. Be3 Nb6 13. Qh4 Nd5 14. Nxd5
Qxd5 15. c3 Rad8 16. Bf3 Qb5 17. Rab1 Ne5 18. Be4 e6 19. Bd4 f5 20. Bc2 Kh8 21.
Rfe1 Bf6 22. Qxf6+ Rxf6 23. Rxe5 Qd7 24. Rbe1 Kg8 25. Bb3 Re8 26. R5e2 b6 27.
Bxf6 Qb5 28. Rxe6 Rxe6 29. Rxe6 Kf8 30. Rd6 1-0

[Event "Titled Tue 24th Jun Early"]
[Site "chess.com INT"]
[Date "2025.06.24"]
[Round "8"]
[White "Salim Mohammed, Salim Al Amri"]
[Black "Sayce, Hannah"]
[Result "1-0"]
[WhiteTitle "FM"]
[BlackTitle "WCM"]
[WhiteElo "1976"]
[BlackElo "1877"]
[WhiteFideId "22000089"]
[BlackFideId "3250695"]
[EventDate "2025.06.24"]

1. e4 c5 2. Nf3 d6 3. d4 cxd4 4. Nxd4 Nf6 5. Nc3 a6 6. Bg5 e6 7. f4 b5 8. e5
dxe5 9. fxe5 Qc7 10. exf6 Qe5+ 11. Be2 Qxg5 12. O-O Ra7 13. Nf3 Qc5+ 14. Kh1 Rd7
15. Qe1 gxf6 16. Qh4 Bb7 17. Bd3 Be7 18. Rae1 b4 19. Ne4 Bxe4 20. Rxe4 Qd6 21.
Qh6 Nc6 22. Bxa6 f5 23. Ree1 Bf8 24. Qf6 Rg8 25. Bb5 Bg7 26. Qxf5 Kd8 27. Qxh7
Re8 28. Qxg7 Qc5 29. Bxc6 Qxc6 30. Rd1 Qxc2 31. Rxd7+ Kxd7 32. Qxf7+ Re7 33. Qf4
Qxb2 34. Ne5+ Ke8 35. Qf8# 1-0

[Event "Titled Tue 24th Jun Early"]
[Site "chess.com INT"]
[Date "2025.06.24"]
[Round "8"]
[White "Vaganian, Rafael A"]
[Black "Gonzalez Guedes, Iyan"]
[Result "1-0"]
[WhiteTitle "GM"]
[BlackTitle "FM"]
[WhiteElo "2449"]
[BlackElo "2238"]
[WhiteFideId "13300016"]
[BlackFideId "24524131"]
[EventDate "2025.06.24"]

1. d4 Nf6 2. Nf3 g6 3. g3 Bg7 4. Bg2 O-O 5. c4 d6 6. Nc3 Nbd7 7. O-O e5 8. e4
exd4 9. Nxd4 Re8 10. h3 a6 11. Be3 Rb8 12. a4 Ne5 13. b3 Nfd7 14. Qc2 Nc6 15.
Rad1 Nb4 16. Qd2 Nc5 17. Bg5 f6 18. Be3 Bd7 19. Nd5 Nxd5 20. exd5 b5 21. cxb5
axb5 22. a5 b4 23. Nc6 Bxc6 24. dxc6 Qe7 25. Rfe1 Nxb3 26. Bd5+ Kh8 27. Bxb3 Qe4
28. Bd5 Qf5 29. g4 Qe5 30. Ba7 Qc3 31. Qxc3 bxc3 32. Bxb8 Rxb8 33. Rc1 f5 34.
Re7 Be5 35. Rxe5 dxe5 36. gxf5 gxf5 37. Rxc3 Rb5 38. Be6 Rxa5 39. Bxf5 Kg7 40.
Rg3+ Kh6 41. Be4 Ra4 42. Rg4 Ra1+ 43. Kg2 Rc1 44. Kg3 Rc5 45. f3 Rc3 46. Rh4+
Kg5 47. Rxh7 Kf6 48. Rxc7 Kg5 49. h4+ Kh6 50. Re7 Rxf3+ 51. Bxf3 Kg6 52. c7 e4
53. Bxe4+ Kh5 54. Rh7# 1-0

[Event "Titled Tue 24th Jun Early"]
[Site "chess.com INT"]
[Date "2025.06.24"]
[Round "8"]
[White "Estrada Nieto, Julian"]
[Black "Anupam, M Sreekumar"]
[Result "1-0"]
[WhiteTitle "IM"]
[BlackTitle "WCM"]
[WhiteElo "2181"]
[BlackElo "1943"]
[WhiteFideId "5101018"]
[BlackFideId "45033501"]
[EventDate "2025.06.24"]

1. e4 e5 2. Nf3 Nc6 3. Bb5 a6 4. Ba4 Nf6 5. O-O Be7 6. Re1 b5 7. Bb3 d6 8. c3
O-O 9. h3 Nb8 10. d4 Nbd7 11. Nbd2 Bb7 12. Bc2 Re8 13. b3 Qb8 14. d5 c6 15. c4
Qc7 16. Rb1 Rec8 17. Bd3 Nc5 18. Bf1 cxd5 19. cxd5 Qb6 20. Ba3 a5 21. Rc1 Rc7
22. Bxc5 Rxc5 23. Rxc5 Qxc5 24. Qe2 Ba6 25. Qe3 Rc8 26. Qxc5 Rxc5 27. a4 Nd7 28.
Ra1 Bd8 29. Ne1 Nb6 30. axb5 Bxb5 31. Rxa5 1-0

[Event "Titled Tue 24th Jun Early"]
[Site "chess.com INT"]
[Date "2025.06.24"]
[Round "8"]
[White "Rushbrooke, Remy"]
[Black "Calvo Gonzalez, Jose Felix"]
[Result "0-1"]
[BlackTitle "CM"]
[WhiteElo "2090"]
[BlackElo "2168"]
[WhiteFideId "443590"]
[BlackFideId "54505615"]
[EventDate "2025.06.24"]

1. Nf3 Nf6 2. g3 g6 3. Bg2 Bg7 4. d4 O-O 5. c4 d5 6. cxd5 Nxd5 7. O-O Nb6 8. Nc3
Nc6 9. d5 Na5 10. e4 c6 11. dxc6 Nxc6 12. Bd2 Nc4 13. Qc2 Nb4 14. Qb3 Nxd2 15.
Nxd2 a5 16. Nc4 Be6 17. a3 Qd3 18. axb4 Qxc4 19. Qxc4 Bxc4 20. bxa5 Bxf1 21.
Bxf1 Bxc3 22. bxc3 Rfc8 23. c4 Rc5 24. Rb1 Ra7 25. Bh3 Rcxa5 26. Bc8 Ra1 27.
Rxa1 Rxa1+ 28. Kg2 b6 29. Bd7 Rc1 30. Bb5 e5 31. f4 f6 32. f5 gxf5 33. exf5 Kf7
34. g4 Ke7 35. Kf3 Kd6 36. h4 h6 37. g5 hxg5 38. h5 Rh1 39. Kg4 Rh4+ 40. Kg3
Rxh5 0-1

[Event "Titled Tue 24th Jun Early"]
[Site "chess.com INT"]
[Date "2025.06.24"]
[Round "8"]
[White "Arya G Mallar"]
[Black "Cardozo Munar, Carlos Eduardo"]
[Result "0-1"]
[WhiteTitle "WCM"]
[BlackTitle "FM"]
[WhiteElo "2000"]
[BlackElo "2052"]
[WhiteFideId "25115324"]
[BlackFideId "4409477"]
[EventDate "2025.06.24"]

1. d4 d5 2. c4 e5 3. dxe5 d4 4. a3 Nc6 5. Nf3 Nge7 6. Bg5 Bg4 7. Qb3 Qd7 8. Nbd2
O-O-O 9. O-O-O h6 10. Bh4 g5 11. Bg3 Ng6 12. Ne4 Bxf3 13. exf3 Ngxe5 14. Nf6 Qf5
15. Nd5 Bd6 16. Be2 h5 17. h3 Rhe8 18. Rhe1 d3 19. Ne3 Qg6 20. Bxd3 Nxd3+ 21.
Rxd3 Bxg3 22. Rxd8+ Rxd8 23. fxg3 Nd4 24. Qc3 c6 25. Qb4 Qd3 26. Qc3 Ne2+ 27.
Rxe2 Qxe2 28. Qe5 Rd1+ 29. Nxd1 Qxe5 0-1

[Event "Titled Tue 24th Jun Early"]
[Site "chess.com INT"]
[Date "2025.06.24"]
[Round "8"]
[White "Wan, Yunguo"]
[Black "Durarbayli, Vasif"]
[Result "0-1"]
[WhiteTitle "GM"]
[BlackTitle "GM"]
[WhiteElo "2501"]
[BlackElo "2612"]
[WhiteFideId "8603189"]
[BlackFideId "13402935"]
[EventDate "2025.06.24"]

1. Nf3 c5 2. g3 Nc6 3. Bg2 g6 4. O-O Bg7 5. c4 e6 6. Nc3 Nge7 7. Rb1 O-O 8. a3
d5 9. d3 dxc4 10. dxc4 Qxd1 11. Rxd1 Na5 12. Ne4 Nxc4 13. b3 Nb6 14. Nxc5 Nbd5
15. Bb2 b6 16. Ne4 Ba6 17. Rd2 Rac8 18. h4 Bxb2 19. Rbxb2 Rc1+ 20. Kh2 Rfc8 21.
e3 Kg7 22. Ne5 f6 23. Nf3 Ra1 24. Ra2 Rxa2 25. Rxa2 Bd3 26. Nd4 Bxe4 27. Bxe4
Nc3 28. Bb1 Nxb1 29. Nb5 Nc3 0-1

[Event "Titled Tue 24th Jun Early"]
[Site "chess.com INT"]
[Date "2025.06.24"]
[Round "8"]
[White "Roebers, Jan"]
[Black "Blackburn, Jonathan L B"]
[Result "0-1"]
[WhiteTitle "FM"]
[BlackTitle "FM"]
[WhiteElo "2056"]
[BlackElo "2207"]
[WhiteFideId "1007815"]
[BlackFideId "1801090"]
[EventDate "2025.06.24"]

1. e4 c5 2. d4 cxd4 3. c3 Nf6 4. e5 Nd5 5. cxd4 d6 6. exd6 Qxd6 7. Nc3 Nxc3 8.
bxc3 Nc6 9. Nf3 Bg4 10. Be2 e6 11. O-O Be7 12. a4 O-O 13. Ba3 Qc7 14. Bxe7 Nxe7
15. Qd2 Rac8 16. h3 Bxf3 17. Bxf3 Qxc3 18. Qxc3 Rxc3 19. Bxb7 Rd8 20. Rfd1 Rc4
21. a5 Rcxd4 22. Rxd4 Rxd4 23. a6 g6 24. Rc1 Rd7 25. h4 f5 26. Bc8 Rd6 27. Rc7
Kf8 28. Bb7 e5 29. g3 Kf7 30. Kf1 Ke6 31. Ke2 h5 32. Ke3 Rb6 33. Ke2 Kd6 34. Rc3
Nc6 35. Bxc6 Rxc6 36. Ra3 Kc7 37. Ra5 Kd6 38. Ke3 Rc5 39. Ra3 Kc6 40. Rd3 Ra5
41. Rd8 Ra3+ 42. Ke2 Rxa6 0-1

[Event "Titled Tue 24th Jun Early"]
[Site "chess.com INT"]
[Date "2025.06.24"]
[Round "8"]
[White "Smietanska, Wiktoria"]
[Black "Sarveshwaran V"]
[Result "1-0"]
[WhiteTitle "CM"]
[BlackTitle "CM"]
[WhiteElo "2238"]
[BlackElo "2290"]
[WhiteFideId "21869359"]
[BlackFideId "25699016"]
[EventDate "2025.06.24"]

1. c4 e5 2. Nc3 Nc6 3. Nf3 f5 4. g3 Nf6 5. d4 e4 6. Nh4 g6 7. Ng2 Bg7 8. h4 Nh5
9. Bg5 Bf6 10. Bxf6 Nxf6 11. e3 d6 12. Nf4 Bd7 13. Be2 Ne7 14. d5 Neg8 15. Qd4
Qe7 16. b4 Nh6 17. c5 Nf7 18. Nb5 Bc8 19. Ne6 Bxe6 20. dxe6 Ne5 21. cxd6 cxd6
22. Nxd6+ Kf8 23. Qxe5 Rd8 24. Rd1 Kg7 25. O-O h6 26. Nb5 Rxd1 27. Rxd1 Rd8 28.
Rxd8 Qxd8 29. e7 Qd2 30. e8=Q Qe1+ 31. Kg2 Qxe2 32. Q5e7# 1-0

[Event "Titled Tue 24th Jun Early"]
[Site "chess.com INT"]
[Date "2025.06.24"]
[Round "8"]
[White "Kozak, Adam"]
[Black "Kornev, Alexei"]
[Result "1-0"]
[WhiteTitle "GM"]
[BlackTitle "GM"]
[WhiteElo "2587"]
[BlackElo "2500"]
[WhiteFideId "753246"]
[BlackFideId "4120949"]
[EventDate "2025.06.24"]

1. a3 g6 2. h4 Bg7 3. h5 d5 4. d4 c5 5. dxc5 Na6 6. e4 dxe4 7. Qxd8+ Kxd8 8. h6
Be5 9. Bxa6 bxa6 10. Ne2 Nf6 11. Nbc3 Bg4 12. Bf4 Bxf4 13. Nxf4 e5 14. Nfd5 Nxd5
15. Nxd5 Rc8 16. b4 a5 17. Rh4 Bf5 18. O-O-O Ke8 19. Nf6+ Ke7 20. Nxe4 axb4 21.
axb4 a5 22. Nd6 Rc6 23. Nxf5+ gxf5 24. c3 e4 25. g4 axb4 26. cxb4 Rb8 27. Rd4 f4
28. g5 Rg8 29. Rxe4+ Re6 30. Rxe6+ fxe6 31. Rg4 e5 32. g6 hxg6 33. b5 Kf6 34. h7
Rh8 35. b6 Kf5 36. Rh4 g5 37. Rh1 g4 38. c6 g3 39. fxg3 fxg3 40. c7 1-0